000 00775nam a2200241 a 4500
001 13114
003 BD-JhCC
005 20230711104604.0
008 171022s2021 bg |||| ||a| 00| 0 ben d
020 _a9789849547594
035 _a(BD-JhCC)13114
040 _aBD-JhCC
_dBD-JhCC
041 _abengali
082 _a340.59
_bMAS 2021
100 _aমাসঊদ,মাওলানা ফরীদ উদ্দিন
245 _aইসলামে শ্রমিকের অধিকার /
_cমাওলানা ফরীদ উদ্দিন মাসঊদ।
260 _aঢাকা :
_bলাইসিয়াম,
_c2021.
300 _a128 p. :
_c21 cm.
650 _aMuslim Law
650 _aLabor
942 _2ddc
_cBK
999 _c13114
_d13114